|
|
|
|
| LEADER |
02948nam a2200373 i 4500 |
| 001 |
34375 |
| 003 |
BD-DhAAL |
| 005 |
20190325092705.0 |
| 008 |
190324t2019 enk b 001 0 eng c |
| 999 |
|
|
|c 40508
|d 40508
|
| 010 |
|
|
|a 2018013719
|
| 020 |
|
|
|a 9781138918498 (hardcover)
|
| 020 |
|
|
|z 9781315688466 (ebook)
|
| 040 |
|
|
|a LBSOR/DLC
|b eng
|c LBSOR
|e rda
|d DLC
|d BD-DhAAL
|
| 042 |
|
|
|a pcc
|
| 043 |
|
|
|a a-su---
|
| 050 |
0 |
0 |
|a PE1068.S28
|b E54 2019
|
| 082 |
0 |
0 |
|a 428.00710538
|2 23
|
| 245 |
0 |
0 |
|a English as a foreign language in Saudi Arabia :
|b new insights into teaching and learning English /
|c edited by Christo Moskovsky and Michelle Picard.
|
| 260 |
|
|
|a London ;
|a New York :
|b Routledge,
|c c2019.
|
| 300 |
|
|
|a viii, 187 pages ;
|c 25 cm
|
| 490 |
0 |
|
|a Routledge research in language education
|
| 504 |
|
|
|a Includes bibliographical references and index.
|
| 505 |
0 |
|
|a EFL teaching and learning in Saudi Arabia : 25 years of research / Christo Moskovsky -- A brief history of English and English teaching in Saudi Arabia / Tariq Elyas & Michelle Picard -- Cultural and linguistic factors in the Saudi EFL context / Musaad Alrahaili -- Learning English in Saudi Arabia / Fakieh Alrabai -- Teaching English in Saudi Arabia / Saleh Alqahtani -- Educational mobility and EFL students and teachers in Saudi Arabia : navigating diverse sociocultural and pedagogical spaces / Rachel Burke -- The future of EFL and TESOL in Saudi Arabia / Michelle Picard.
|
| 520 |
|
|
|a "English as a Foreign Language in Saudi Arabia : New Insights into Teaching and Learning English offers a detailed discussion of key aspects of teaching and learning English in the Saudi context and offers a comprehensive overview of related research authored or co-authored by Saudi researchers. It provides readers with an understanding of the unique cultural, linguistic, and historical context of English in Saudi Arabia--with a focus on the principal factors that may influence successful teaching and learning of English in this country. Uniquely, the book looks separately at issues pertaining to in-country English learning and learners, and those pertaining to in-country English teaching and teachers. The volume also explores issues concerning Saudi learners and teachers in overseas contexts. Lastly, the book touches on the future of English as a Foreign Language and TESOL in Saudi Arabia and its implications for the field"--
|
| 526 |
|
|
|a ENH
|
| 541 |
|
|
|a Parama
|e 34375
|
| 650 |
|
0 |
|a English language
|x Study and teaching
|z Saudi Arabia.
|9 30488
|
| 650 |
|
0 |
|a English language
|x Study and teaching
|x Arabic speakers.
|9 30489
|
| 700 |
1 |
|
|a Moskovsky, Christo
|9 30490
|
| 700 |
1 |
|
|a Picard, Michelle,
|d 1970-
|9 30491
|
| 852 |
|
|
|a Ayesha Abed Library
|c General Stacks
|
| 942 |
|
|
|2 ddc
|c BK
|
| 952 |
|
|
|0 0
|1 0
|2 ddc
|4 0
|6 428_007105380000000_ENG
|7 0
|9 65134
|a BRACUL
|b BRACUL
|c GEN
|d 2019-02-26
|e Parama
|g 7455.00
|l 0
|o 428.00710538 ENG
|p 3010034375
|r 2019-02-26
|t 1
|v 7455.00
|w 2019-02-26
|y BK
|